00457nam a2200169Ia 450000500170000000800410001704000190005804100120007708200150008910000190010424500780012326000240020130000110022550400190023665000220025585000100027720260602134837.0131103s9999 xx 000 0 und d aLoreto College aEnglish a840.9bTHO aThoraval, Jean aLes grandes etapes de la civilisation francaisecJean Thoraval and others aParisbBordasc1967 a693p.  aIncludes Index aFrench LItreature aLCLIB